Personas con discapacidad y sistemas de apoyo : (Registro nro. 6220)
[ vista simple ]
| 000 -LEADER | |
|---|---|
| fixed length control field | 01227nab a22002177a 4500 |
| 003 - CONTROL NUMBER IDENTIFIER | |
| control field | OSt |
| 005 - DATE AND TIME OF LATEST TRANSACTION | |
| control field | 20260126010234.0 |
| 008 - FIXED-LENGTH DATA ELEMENTS--GENERAL INFORMATION | |
| fixed length control field | 190514b xxu||||| |||| 00| 0 spa d |
| 040 ## - CATALOGING SOURCE | |
| Transcribing agency | PJ |
| 100 ## - MAIN ENTRY--PERSONAL NAME | |
| 9 (RLIN) | 5660 |
| Personal name | Zuccarini, Ayelén |
| 245 10 - TITLE STATEMENT | |
| Title | Personas con discapacidad y sistemas de apoyo : |
| Remainder of title | una intersección en (re)construcción / |
| Statement of responsibility, etc | Ayelén Zuccarini. |
| 300 ## - PHYSICAL DESCRIPTION | |
| Extent | p. 140-146 |
| 500 ## - GENERAL NOTE | |
| General note | Cita: TR LALEY AR/DOC/2111/2024. |
| 505 ## - FORMATTED CONTENTS NOTE | |
| Formatted contents note | Sumario: I. Introducción.— II. Plataforma fáctica.— III. Ayer, hoy y mañana en el abordaje de la salud mental.— IV. Los apoyos desde una mirada sistémica.— V. Presencias con potencial transformador y ausencias destacables: el papel de abogadxs y magistradxs con perspectiva de derechos humanos.— VI. Conclusiones. |
| 505 ## - FORMATTED CONTENTS NOTE | |
| Title | Fallo comentado: JPaz, Mendoza ~ 12/04/2024 ~ ETI c. la adolescente A. G. X. s/ medida excepcional (control de legalidad). |
| 650 #0 - SUBJECT ADDED ENTRY--TOPICAL TERM | |
| 9 (RLIN) | 967 |
| Topical term or geographic name as entry element | DERECHO DE FAMILIA |
| 650 #0 - SUBJECT ADDED ENTRY--TOPICAL TERM | |
| 9 (RLIN) | 3271 |
| Topical term or geographic name as entry element | PERSONAS CON DISCAPACIDAD |
| 650 #0 - SUBJECT ADDED ENTRY--TOPICAL TERM | |
| 9 (RLIN) | 1057 |
| Topical term or geographic name as entry element | JURISPRUDENCIA APLICABLE |
| 773 0# - HOST ITEM ENTRY | |
| Host Biblionumber | 2844 |
| Host Itemnumber | 3222 |
| Place, publisher, and date of publication | Buenos Aires : AbeledoPerrot, 1989- |
| Title | Derecho de familia. Revista Interdisciplinaria de doctrina y jurisprudencia. Octubre 2024-V. |
| International Standard Book Number | 18511201 |
| 942 ## - ADDED ENTRY ELEMENTS (KOHA) | |
| Source of classification or shelving scheme | |
| Koha item type | Analítica Artículo de Revista |
No hay ítems disponibles.
